Blackstone's statutes property law 2005-2006 (Record no. 104453)
[ view plain ]
| 000 -LEADER | |
|---|---|
| fixed length control field | 00903cam a2200253 4500 |
| 001 - CONTROL NUMBER | |
| control field | ##L130429 |
| 008 - FIXED-LENGTH DATA ELEMENTS--GENERAL INFORMATION | |
| fixed length control field | 050727n2005 000 0 eng u |
| 020 ## - INTERNATIONAL STANDARD BOOK NUMBER | |
| International Standard Book Number | 0199283176 |
| 035 ## - SYSTEM CONTROL NUMBER | |
| System control number | (Sirsi) u130429 |
| 041 0# - LANGUAGE CODE | |
| Language code of text/sound track or separate title | eng |
| 050 04 - LIBRARY OF CONGRESS CALL NUMBER | |
| Classification number | 346.41043 $2 18 |
| 245 00 - TITLE STATEMENT | |
| Title | Blackstone's statutes property law 2005-2006 |
| 250 ## - EDITION STATEMENT | |
| Edition statement | 13th ed. |
| 260 ## - PUBLICATION, DISTRIBUTION, ETC. | |
| Place of publication, distribution, etc. | Oxford |
| Name of publisher, distributor, etc. | Oxford University Press |
| Date of publication, distribution, etc. | 2005 |
| 300 ## - PHYSICAL DESCRIPTION | |
| Extent | vi, 474p |
| Dimensions | 24cm |
| 350 ## - PRICE (NR) (BK AM CF MU VM SE) [OBSOLETE] | |
| Price | 14.99 |
| 520 ## - SUMMARY, ETC. | |
| Summary, etc. | Contains text of main statutes concerning property law in England and Wales. This edition includes the Civil Partnership Act 2004, the Housing Act 2004, the Pensions Act 2004 and the Charities Bill 2005. Aimed primarily at students. |
| 520 ## - SUMMARY, ETC. | |
| Summary, etc. | Supercedes 11th edition (ISBN 0199259569) |
| 520 ## - SUMMARY, ETC. | |
| Summary, etc. | Superceded by 14th edition(ISBN:0199288216). |
| 590 ## - LOCAL NOTE (RLIN) | |
| Local note | IKA111005 |
| 690 ## - LOCAL SUBJECT ADDED ENTRY--TOPICAL TERM (OCLC, RLIN) | |
| Topical term or geographic name as entry element | PROPERTY |
| 700 1# - ADDED ENTRY--PERSONAL NAME | |
| Personal name | Thomas, Meryl |
| 942 ## - ADDED ENTRY ELEMENTS (KOHA) | |
| Suppress in OPAC | 0 |
| Withdrawn status | Lost status | Source of classification or shelving scheme | Damaged status | Not for loan | Home library | Current library | Shelving location | Date acquired | Cost, normal purchase price | Total Checkouts | Full call number | Barcode | Date last seen | Date last checked out | Copy number | Cost, replacement price | Price effective from | Koha item type |
|---|---|---|---|---|---|---|---|---|---|---|---|---|---|---|---|---|---|---|
| Dewey Decimal Classification | London | London | Basement | 04/10/2005 | 12.74 | 2 | 346.41043 THO | 30071341 | 06/08/2019 | 03/11/2006 | 1 | 12.74 | 06/08/2019 | Book |